000 01393nam2a22002411 4500
001 RU\NLR\A1SV\101580
005 20251203152403.2
035 _a(NLR Aleph) 009782933
090 _a13485838
_c13485838
100 _a20100305d1924 u y0rusy50 ca
101 0 _arus
200 1 _aГиппий Больший
_f[Пер. и введ. А.В.Болдырева]
_aГиппий Меньший
_aИон
_f[Пер. и введ. Я.М.Боровского]
_aМенексен
_fПер. и введ. Болдырева]
_aКлитофонт
_f[Пер. и введ. А.И.Болтуновой]
210 _d1924
215 _a[4], 144 с.
461 1 _1001RU\NLR\A1SV\101577
_12000#$aПолное собрание творений Платона$eВ 15 т.$fНовый пер. под ред. С.А.Жебелева, Л.П.Карсавина, Э.Л.Радлова$vТ.9
_1700#1$aПлатон$f427-347 до н.э.$3RU\NLR\AUTH\779049
_910103142
_aПлатон (427-347 до н.э.)
_cПб.
_d1922-1929
_fНовый пер. под ред. С.А.Жебелева, Л.П.Карсавина, Э.Л.Радлова
_nAcademia
_oВ 15 т.
_tПолное собрание творений Платона
_vТ.9
702 1 _aБолдырев
_bА.В.
702 1 _aБоровский
_bЯ.М.
702 1 _aБолтунова
_bА.И.
801 0 _aRU
_bNLR
_c20100305
942 _cBOOK
980 _aA1SV
980 _aNB